000 00914nam a2200289 i 4500
003 DO-SdBNP
005 20240906151336.0
007 ta
008 110114s1985 dr ab 000 0 eng d
040 _aDO-SdBNP
_bspa
_cBNPHU
_erda
082 _a972.93
_bR776d, 1986
100 1 _aRood, Carlton Alexander
_949051
_eautor
245 1 0 _aA dominican chronicle /
_cCarlton Alexander Rood.
246 2 3 _aHistory of Hispaniola/Dominican Republic
250 _a2a. edición
264 _aSanto Domingo :
_bEditora Corripio,
_c1686.
300 _a210 páginas
_bilustraciones, mapa, retratos.
_c23 cm.
336 _atexto
_btxt
_2rdacontent
337 _asin mediación
_bmedia
_2n
338 _avolumen
_brdacarrier
_2nc
504 _aBibliografía: p. 205-206.
546 _aInglés
590 _aInventariado, 2024/ YL
651 4 _aRepública Dominicana
_xHistoria
_9170
910 _aYLockward
942 _2ddc
_cLBS1
999 _c57648
_d57648